000 00272nam a2200109Ia 4500
008 220120s9999||||xx |||||||||||||| ||und||
082 _a005.1 BAJ
100 _aBajpai, S K
_911423
245 0 _aIntroduction to Computers abd C
260 _bNew Delhi
300 _a291p.
_b150
999 _c136348
_d136348